<?xml version="1.0" encoding="UTF-8"?>
<record
    xmlns:xsi="http://www.w3.org/2001/XMLSchema-instance"
    xsi:schemaLocation="http://www.loc.gov/MARC21/slim http://www.loc.gov/standards/marcxml/schema/MARC21slim.xsd"
    xmlns="http://www.loc.gov/MARC21/slim">

  <leader>01441nam a22002777a 4500</leader>
  <controlfield tag="005">20081107125036.0</controlfield>
  <controlfield tag="008">081107t        xxu||||| |||| 00| 0 hin  d</controlfield>
  <datafield tag="010" ind1=" " ind2=" ">
    <subfield code="a">HIN-84766</subfield>
  </datafield>
  <datafield tag="020" ind1=" " ind2=" ">
    <subfield code="c">250.00</subfield>
    <subfield code="a">8188377163</subfield>
  </datafield>
  <datafield tag="035" ind1=" " ind2=" ">
    <subfield code="a">HN-57112</subfield>
  </datafield>
  <datafield tag="037" ind1=" " ind2=" ">
    <subfield code="b">DBAD / PUB</subfield>
  </datafield>
  <datafield tag="040" ind1=" " ind2=" ">
    <subfield code="a">DPL</subfield>
    <subfield code="b">HN</subfield>
  </datafield>
  <datafield tag="082" ind1=" " ind2=" ">
    <subfield code="a">840.08</subfield>
  </datafield>
  <datafield tag="245" ind1=" " ind2=" ">
    <subfield code="a">&#x92E;&#x902;&#x91F;&#x94B; &#x905;&#x926;&#x93E;&#x932;&#x924; &#x915;&#x947; &#x915;&#x91F;&#x918;&#x930;&#x947; &#x92E;&#x947;&#x902;   /</subfield>
    <subfield code="c">&#x926;&#x947;&#x935;&#x947;&#x928;&#x94D;&#x926;&#x94D;&#x930; &#x907;&#x938;&#x94D;&#x938;&#x930; &#x926;&#x94D;&#x935;&#x93E;&#x930;&#x93E; &#x938;&#x902;&#x92A;&#x93E;&#x926;&#x93F;&#x924; </subfield>
  </datafield>
  <datafield tag="246" ind1=" " ind2=" ">
    <subfield code="a">Manto: Adalat Ke Katghare Mein </subfield>
    <subfield code="b">Edited by Devendra Issar </subfield>
  </datafield>
  <datafield tag="260" ind1=" " ind2=" ">
    <subfield code="a">&#x926;&#x93F;&#x932;&#x94D;&#x932;&#x940; </subfield>
    <subfield code="b">&#x910;&#x930;&#x94B; &#x92A;&#x92C;&#x94D;&#x932;&#x93F;&#x936;&#x930;&#x94D;&#x938; &#x90F;&#x923;&#x94D;&#x921; &#x921;&#x93F;&#x938;&#x94D;&#x91F;&#x94D;&#x930;&#x940;&#x92C;&#x94D;&#x92F;&#x942;&#x91F;&#x930;&#x94D;&#x938; </subfield>
    <subfield code="c">2008</subfield>
  </datafield>
  <datafield tag="270" ind1=" " ind2=" ">
    <subfield code="a">79,&#x91A;&#x928;&#x94D;&#x926;&#x941; &#x92A;&#x93E;&#x930;&#x94D;&#x915;, &#x917;&#x932;&#x940; &#x928;&#x902;-20</subfield>
    <subfield code="b">&#x926;&#x93F;&#x932;&#x94D;&#x932;&#x940; </subfield>
    <subfield code="e">110051</subfield>
  </datafield>
  <datafield tag="300" ind1=" " ind2=" ">
    <subfield code="a">200 &#x92A;&#x943;</subfield>
    <subfield code="c">22&#x938;&#x947;&#x92E;&#x940; (&#x938;&#x91C;&#x93F;&#x932;&#x94D;&#x926;)</subfield>
  </datafield>
  <datafield tag="600" ind1=" " ind2=" ">
    <subfield code="a">&#x92E;&#x902;&#x91F;&#x94B;, &#x938;&#x906;&#x926;&#x924; &#x939;&#x938;&#x928;, 1912-1955</subfield>
  </datafield>
  <datafield tag="600" ind1=" " ind2=" ">
    <subfield code="a">Manto, Saadat Hasan, 1912-1955</subfield>
  </datafield>
  <datafield tag="650" ind1=" " ind2=" ">
    <subfield code="a">&#x909;&#x930;&#x94D;&#x926;&#x942; &#x938;&#x93E;&#x939;&#x93F;&#x924;&#x94D;&#x92F;</subfield>
    <subfield code="x">&#x907;&#x924;&#x93F;&#x939;&#x93E;&#x938; &#x90F;&#x935;&#x902; &#x938;&#x92E;&#x93E;&#x932;&#x94B;&#x91A;&#x928;&#x93E;</subfield>
  </datafield>
  <datafield tag="650" ind1=" " ind2=" ">
    <subfield code="a">Urdu literature</subfield>
    <subfield code="x">History and criticism</subfield>
  </datafield>
  <datafield tag="700" ind1=" " ind2=" ">
    <subfield code="a">&#x907;&#x938;&#x94D;&#x938;&#x930;, &#x926;&#x947;&#x935;&#x947;&#x928;&#x94D;&#x926;&#x94D;&#x930; </subfield>
  </datafield>
  <datafield tag="942" ind1=" " ind2=" ">
    <subfield code="2">ddc</subfield>
    <subfield code="c">HN</subfield>
    <subfield code="m">&#x92E;&#x902;&#x91F;&#x94B;&#x905; </subfield>
    <subfield code="h">840.08</subfield>
  </datafield>
  <datafield tag="999" ind1=" " ind2=" ">
    <subfield code="c">18236</subfield>
    <subfield code="d">18236</subfield>
  </datafield>
  <datafield tag="952" ind1=" " ind2=" ">
    <subfield code="0">0</subfield>
    <subfield code="1">0</subfield>
    <subfield code="2">ddc</subfield>
    <subfield code="4">0</subfield>
    <subfield code="7">1</subfield>
    <subfield code="a">DBAD</subfield>
    <subfield code="b">DBAD</subfield>
    <subfield code="d">2008-11-10</subfield>
    <subfield code="g">250.00</subfield>
    <subfield code="l">0</subfield>
    <subfield code="o">840.08 &#x92E;&#x902;&#x91F;&#x94B;&#x905; </subfield>
    <subfield code="p">HN-57112</subfield>
    <subfield code="r">2008-11-10 00:00:00</subfield>
    <subfield code="t">1</subfield>
    <subfield code="v">250.00</subfield>
    <subfield code="w">2008-11-10</subfield>
    <subfield code="y">HN</subfield>
  </datafield>
</record>
